شرح كاشفة السجا

Bibliographic Details
Main Author: Nawawi Banten 1813-1898 (Author)
Format: Book
Published: Bandung, Indonesia : al-Ma'arif , [1954?]
Subjects:

MARC

LEADER 00000cam a2200000 7i4500
001 0000008404
005 20040810093000.0
008 021119s1954
090 0 0 |a BP153   |b .N292 
100 0 |a Nawawi Banten   |c 1813-1898 ,   |e author 
245 1 0 |a شرح كاشفة السجا   |c للشيخ الامام الفاضل ابى عبد المعطى محمد نووى الجاوى على سفينة النجافي اصول الدين والفقه للشيخ العالم الفاضل سالم بن سمير الحضرمي 
260 2 |a Bandung, Indonesia :   |b al-Ma'arif ,   |c [1954?] 
300 |a 124 p. ;   |c 28 cm. 
650 0 |a Islamic law 
650 0 |a Islam   |x Doctrines 
745 0 0 |a Sharh kashifat al-saja 
999 |a 1000080968   |b Book   |c OPEN SHELF (30 DAYS)   |e Gong Badak Campus 
999 |a 1000080969   |b Book   |c OPEN SHELF (30 DAYS)   |e Gong Badak Campus